000 01303nam a22003617a 4500
003 CHAP
005 20220817044534.0
008 120814s2004 mx r 00010 spa d
010 _a103617
011 _a104589
035 _a115279
040 _cCHAP
082 0 4 _a636.4084
_aN97
245 0 0 _aNutrición de cerdas y verracos
_c/por W.H. Close ...[et al]
260 _aMéxico D.F. :
_bAlltech,
_c2004
300 _a379 p. :
_bcuadros, gráfs.
534 _pTil. original :
_tNutrition of sows and boars
590 _aBATCH-UPD
_b10
_c20130110
_lUCH01
_h1332
590 _aBATCH-UPD
_b10
_c20130410
_lUCH01
_h0836
590 _aBATCH-UPD
_b10
_c20130914
_lUCH01
_h0916
590 _aCONVERSION
_b10
_c20130109
_lUCH01
_h1357
650 1 4 _aAlimentos y alimentacion del ganado.
_94326
650 1 4 _aCerdas.
_921365
650 1 4 _aGanado porcino
_xNutrición.
_945390
650 1 4 _aLechones.
700 0 _aClose, W. H.
_923910
901 _aBK
942 _cLIBRO
949 _a636.4084 N97
_bBC
_cLIBRO
_d33724002326777
_eLIBRO
_fc.4
_h117271
_i115279
_st
949 _a636.4084 N97
_bBC
_cLIBRO
_d33724002326819
_eLIBRO
_fc.2
_h117269
_i115279
_st
949 _a636.4084 N97
_bBC
_cLIBRO
_d33724002326850
_eLIBRO
_fc.3
_h117270
_i115279
_st
949 _a636.4084 N97
_bBC
_cLIBRO
_d33724002326892
_eLIBRO
_h117268
_i115279
_st
999 _c103617
_d103617